Footballers That Have Played and Managed in the Premier League - Statistics

General Stats
  • This quiz has been taken 854 times
  • The average score is 19 of 74
Answer Stats
Played for Footballer Managed % Correct
West Ham United, Chelsea, Manchester City Frank Lampard Chelsea, Everton
83%
Everton, Arsenal Mikel Arteta Arsenal
80%
Liverpool Steven Gerrard Aston Villa
74%
Manchester United Ole Gunnar Solskjær Cardiff City, Manchester United
57%
Manchester United Steve Bruce Birmingham City, Wigan Athletic, Sunderland, Hull City, Newcastle United
56%
Manchester United Ryan Giggs Manchester United
54%
Arsenal, Manchester City Patrick Vieira Crystal Palace
53%
Nottingham Forest, Manchester United Roy Keane Sunderland
51%
Blackburn Rovers, Newcastle United Alan Shearer Newcastle United
50%
Manchester United, Chelsea, Southampton, Everton, Blackburn Rovers Mark Hughes Blackburn Rovers, Manchester City, Fulham, Queens Park Rangers, Stoke City, Sunderland
49%
West Ham United, Tottenham Hotspur, Manchester United Michael Carrick Manchester United
48%
Arsenal Tony Adams Portsmouth
48%
Southampton Micky Adams Nottingham Forest, Leicester City
47%
Oldham Athletic, Norwich City Neil Adams Norwich City
47%
Charlton Athletic, Chelsea, Newcastle United, West Ham United, Tottenham Hotspur, Fulham Scott Parker Fulham, Bournemouth
45%
Chelsea Gianfranco Zola West Ham United
43%
Chelsea Roberto Di Matteo West Bromwich Albion, Chelsea
41%
Chelsea Ruud Gullit Chelsea, Newcastle United
41%
Everton, Newcastle United Duncan Ferguson Everton
40%
Crystal Palace, Aston Villa, Middlesbrough Gareth Southgate Middlesbrough
38%
Manchester United, Middlesbrough, Liverpool, Wolverhampton Wanderers Paul Ince Blackburn Rovers
35%
Tottenham Hotspur, Hull City Ryan Mason Tottenham Hotspur
34%
Blackburn Rovers, Tottenham Hotspur, Portsmouth Tim Sherwood Tottenham Hotspur, Aston Villa
34%
Sheffield Wednesday, West Ham United, Charlton Athletic Paolo Di Canio Sunderland
33%
Portsmouth, Middlesbrough, West Ham United, Norwich City Gary O’Neil Bournemouth
32%
Southampton Graham Potter Brighton & Hove Albion, Chelsea
32%
Manchester United, Middlesbrough Bryan Robson Middlesbrough, West Bromwich Albion
31%
Chelsea Gianluca Vialli Chelsea
31%
Chelsea, Tottenham Hotspur Gus Poyet Sunderland
30%
Chelsea Glenn Hoddle Chelsea, Southampton, Tottenham Hotspur
27%
Leicester City Roberto Mancini Manchester City
27%
Nottingham Forest, Newcastle United, West Ham United Stuart Pearce Nottingham Forest, Manchester City
27%
Southampton, Swansea City Garry Monk Swansea City
23%
Arsenal, Leeds United David O'Leary Leeds United, Aston Villa
22%
Queens Park Rangers Ian Holloway Blackpool, Crystal Palace
22%
West Ham United, Everton Slaven Bilić West Ham United, West Bromwich Albion
22%
Arsenal, West Ham United Fredrik Ljungberg Arsenal
21%
Leeds United, Coventry City Gordon Strachan Coventry City, Southampton
21%
Crystal Palace, Blackburn Rovers Chris Coleman Fulham
20%
Sheffield Wednesday, Middlesbrough Nigel Pearson Newcastle United, Leicester City, Watford
19%
Bolton Wanderers Owen Coyle Burnley, Bolton Wanderers
18%
Manchester City, Southampton Peter Reid Manchester City, Sunderland, Leeds United
18%
Sheffield Wednesday, Barnsley Danny Wilson Barnsley, Sheffield Wednesday
17%
Manchester United Mike Phelan Hull City
17%
Chelsea Steve Clarke Newcastle United, West Bromwich Albion
17%
Southampton, Crystal Palace, West Ham United Iain Dowie Crystal Palace, Charlton Athletic, Hull City
16%
Watford Malky Mackay Cardiff City
15%
Queens Park Rangers, Crystal Palace Ray Wilkins Queens Park Rangers, Chelsea
15%
Arsenal Rémi Garde Aston Villa
15%
Liverpool Mauricio Pellegrino Southampton
14%
Leeds United, Coventry City, Liverpool Gary McAllister Aston Villa
13%
Everton, West Ham United, Portsmouth, Sheffield United, Wigan Athletic David Unsworth Everton
11%
Norwich City Gary Megson Norwich City, West Bromwich Albion, Bolton Wanderers
11%
Wimbledon, Swindon Town Lawrie Sanchez Fulham
11%
Sheffield Wednesday Trevor Francis Sheffield Wednesday
11%
Sunderland Kevin Ball Sunderland
10%
Sheffield Wednesday, Leeds United Nigel Worthington Norwich City
10%
Crystal Palace Attilio Lombardo Crystal Palace
9%
Nottingham Forest Brian Laws Burnley
9%
West Ham United Clive Allen Tottenham Hotspur
8%
Sunderland, Southampton Kelvin Davis Southampton
8%
Chelsea Slaviša Jokanović Fulham
8%
Everton Dave Watson Everton
7%
Ipswich Town John Wark Ipswich Town
7%
Swansea City Leon Britton Swansea City
7%
Bradford City Stuart McCall Bradford City
6%
Leicester City, Sunderland Steve Agnew Middlesbrough
5%
Chelsea Graham Rix Chelsea
4%
West Ham United, Portsmouth Hayden Mullins Watford
2%
Norwich City, West Ham United, Charlton Athletic Mark Bowen Queens Park Rangers
2%
Crystal Palace, Cardiff City Mark Hudson Huddersfield Town
2%
West Bromwich Albion Michael Appleton West Bromwich Albion, Leicester City
2%
Leeds United, Tottenham Hotspur David Kerslake Cardiff City
1%
Ipswich Town Paul Goddard Ipswich Town
1%
No matching quizzes found
Score Distribution
Percent of People with Each Score
Percentile by Number Answered
Your Score History
You have not taken this quiz